載入...

Madanasanjivana bhanah of Ghanasyama/

書目詳細資料
主要作者: Ghanasyama
其他作者: Om Prakash Panday (ed.)
格式: Printed Book
出版: Delhi: Pratibha, 2002.
主題:
LEADER 01209nam a22002411a 4500
999 |c 26361  |d 26361 
020 |a 9788177020601 
082 |a S1  |b GHA/M 
100 |a Ghanasyama 
245 |a Madanasanjivana bhanah of Ghanasyama/  |c by Ghanasyama 
260 |a Delhi:  |b Pratibha,  |c 2002. 
300 |a 48p. 
600 |a Literature 
650 |a Epic Poetry Sanskrit 
650 |a Literature Sanskrit 
650 |a Literature  
700 |a Om Prakash Panday (ed.) 
942 |c BK 
952 |0 0  |1 0  |4 0  |6 S_1_000000000000000_GHA_M  |7 0  |9 37873  |a SSUS  |b SSUS  |d 2015-01-08  |g 120.00  |o S1 GHA/M  |p 042283  |r 2015-01-08  |v 0.00  |w 2015-01-08  |y BK 
952 |0 0  |1 0  |2 ddc  |4 0  |6 S_1_000000000000000_GHA_M  |7 0  |9 37874  |a SSUS  |b SSUS  |c STACKS  |d 2016-01-28  |g 120.00  |o S1 GHA/M  |p 080078  |r 2016-01-28  |w 2016-01-28  |y BK 
952 |0 0  |1 0  |2 ddc  |4 0  |6 S_1_000000000000000_GHA_M  |7 0  |9 37875  |a SSUS  |b SSUS  |c STACKS  |d 2016-01-28  |g 120.00  |o S1 GHA/M  |p 080079  |r 2016-01-28  |w 2016-01-28  |y BK 
952 |0 0  |1 0  |2 ddc  |4 0  |6 S_1_000000000000000_GHA_M  |7 0  |9 37876  |a SSUS  |b SSUS  |c STACKS  |d 2016-02-15  |g 120.00  |o S1 GHA/M  |p 080758  |r 2016-02-15  |w 2016-02-15  |y BK 
952 |0 0  |1 0  |2 ddc  |4 0  |6 S_1_000000000000000_GHA_M  |7 0  |9 37877  |a SSUS  |b SSUS  |c STACKS  |d 2016-02-15  |g 120.00  |o S1 GHA/M  |p 080759  |r 2016-02-15  |w 2016-02-15  |y BK